01221nam a22001337a 450000500170000002000180001708200150003510000220005024501430007226000590021530000100027452007880028465000150107220260702151603.0 a9798289342904 a658.409GEM aGemberling, Dean. aServant Leadership Made Simple:b7 Essential Steps to Build Trust, Inspire Loyalty, Strengthen Relationships, and Lead with Lasting Impact aIndependently publishedbIndependently publishedc2025 a143p. aServant Leadership Made Simple by Elijah T. Grant presents a practical guide to developing leadership by putting the needs and growth of others first. The book explains how leaders can build trust, strengthen relationships, inspire loyalty, and create high-performing teams through humility, empathy, active listening, ethical decision-making, and service. Rather than relying on authority or position, it encourages readers to lead by example, empower others, foster collaboration, and cultivate a positive organizational culture. Through clear, actionable steps and real-world applications, the book demonstrates that servant leadership is an effective approach for achieving sustainable organizational success while promoting the personal and professional development of employees aLeadership